| 000 | 00636nam a2200253Ia 4500 | ||
|---|---|---|---|
| 005 | 20250425162002.0 | ||
| 008 | 250425s9999 xx 000 0 und d | ||
| 020 | _a9701504313 | ||
| 041 | _aspa | ||
| 082 | _a532 | ||
| 100 | _aFERNANDEZ LARRAÑAGA, BONIFACIO | ||
| 245 | 0 | _aINTRODUCCION A LA MECANICA DE FLUIDOS | |
| 250 | _a2A ED. | ||
| 260 | _aMEXICO | ||
| 260 |
_aMéxico _bALFAOMEGA _c1999 |
||
| 300 | _a395 | ||
| 500 | _aConsultar inv. 39089 en BIBTEC | ||
| 650 | _aDINAMICA DE FLUIDOS | ||
| 650 | _aESTATICA DE FLUIDOS | ||
| 650 | _aFLUIDOS | ||
| 650 | _aMECANICA DE FLUIDOS | ||
| 942 | _c01 | ||
| 010 | _a38775 | ||
| 999 |
_c220135 _d220135 |
||